| 000 | 00409 a2200145 4500 | ||
|---|---|---|---|
| 999 |
_c329 _d329 |
||
| 008 | 221229b ||||| |||| 00| 0 eng d | ||
| 020 | _a9781856091855 | ||
| 082 | 0 | 0 |
_a641.45 _bS6161 |
| 100 | _aSinclair, J. | ||
| 245 |
_aRefrigerated transportation / _cJoseph Sinclair |
||
| 260 |
_aScotland: _bWitherby Publishing Group Ltd, _c1999. |
||
| 300 | _ax, 151 p. | ||
| 650 | 0 | _aMarine Refrigeration | |
| 942 |
_2ddc _cBK |
||